Mathematical physics / (Record no. 133761)

MARC details
000 -LEADER
fixed length control field 00702nam a22002417a 4500
005 - DATE AND TIME OF LATEST TRANSACTION
control field 20170124110215.0
010 ## - LIBRARY OF CONGRESS CONTROL NUMBER
LC control number B-082339
020 ## - INTERNATIONAL STANDARD BOOK NUMBER
International Standard Book Number 8121914698
Terms of availability 00.00
035 ## - SYSTEM CONTROL NUMBER
System control number B-082339
037 ## - SOURCE OF ACQUISITION
Source of stock number/acquisition Cen Lib/Ret
040 ## - CATALOGING SOURCE
Original cataloging agency DPL
Language of cataloging EN
082 ## - DEWEY DECIMAL CLASSIFICATION NUMBER
Classification number 530.15
Item number DAS
100 ## - MAIN ENTRY--PERSONAL NAME
Personal name Dass, H.K.
9 (RLIN) 38838
245 ## - TITLE STATEMENT
Title Mathematical physics /
Statement of responsibility, etc by H.K. Dass [and] Rama Verma
260 ## - PUBLICATION, DISTRIBUTION, ETC. (IMPRINT)
Place of publication, distribution, etc New Delhi
Name of publisher, distributor, etc Sultan Chand & Sons
Date of publication, distribution, etc 2004
270 ## - ADDRESS
Address 7361, Ram nagar
City New Delhi
Postal code 110055
300 ## - PHYSICAL DESCRIPTION
Extent xv, 1134p.
Dimensions 23cm(Hb)
500 ## - GENERAL NOTE
General note Includes index
650 ## - SUBJECT ADDED ENTRY--TOPICAL TERM
Topical term or geographic name as entry element Mathematical physics
9 (RLIN) 19478
650 ## - SUBJECT ADDED ENTRY--TOPICAL TERM
Topical term or geographic name as entry element Physics
9 (RLIN) 72884
700 ## - ADDED ENTRY--PERSONAL NAME
Personal name Verma, Rama
9 (RLIN) 38840
942 ## - ADDED ENTRY ELEMENTS (KOHA)
Source of classification or shelving scheme Dewey Decimal Classification
Koha item type English Books
Classification part 530.15
Call number suffix DAS
Holdings
Withdrawn status Lost status Damaged status Not for loan Home library Current library Date acquired Source of acquisition Cost, normal purchase price Total Checkouts Total Renewals Full call number Barcode Date last seen Date checked out Copy number Cost, replacement price Price effective from Koha item type
        Central Library Central Library 27/07/2015 Cen Lib/Ret 0.00 1 2 530.15 DAS B-082339 29/12/2020 01/12/2020 1 0.00 27/07/2015 English Books

© Delhi Public Library
Hit Counter
free hit counter